Historia de Chile: la dominación española, 1520-1808

Saved in:
Bibliografiske detaljer
Hovedforfatter: Amunátegui Solar, Domingo (Author)
Format: Bog
Sprog:spansk
Udgivet: Santiago, Chile Balcells 1925
Fag:
Tags: Tilføj Tag
Ingen Tags, Vær først til at tagge denne postø!

MARC

LEADER 00000nam a2200000 a 4500
001 UCO1530
003 CL-VaPUC
005 20200518204720.0
008 000519e19250000CL |||||||||||||||||spa|d
999 |c 288141  |d 288139 
040 |c Pontificia Universidad Católica de Valparaíso 
082 0 4 |a 983.03 AMU 1925  |2 21 
100 0 |a Amunátegui Solar, Domingo  |e author  |9 443722 
245 1 0 |a Historia de Chile:  |b  la dominación española, 1520-1808 
260 |a Santiago, Chile  |b Balcells  |c 1925 
300 |a 348 páginas 
583 |a last modification  |c 20000519 00:00:00  |k Rodrigo Vera 
650 7 |a HISTORIA DE CHILE  |2 CL-VaPUC  |9 443723  |y 1520-1808 
650 7 |a DESCUBRIMIENTO Y CONQUISTA  |2 CL-VaPUC  |9 443724  |z CHILE 
650 7 |a COLONIZACION  |2 CL-VaPUC  |9 443725  |z CHILE 
852 |a BIBCUR 
942 |c BK  |2 ddc 
945 |d 20000519 00:00:00  |a crobeson 
952 |0 0  |1 0  |2 ddc  |4 0  |6 983_030000000000000_AMU_1925  |7 0  |8 X  |9 335536  |a BIBHIS  |b BIBHIS  |d 2019-11-20  |i 1275771  |l 1  |o 983.03 AMU 1925  |p 1275771  |r 2024-01-30  |s 2022-06-08  |t 1  |w 2019-11-20  |y BK_X  |k HIS